• 首页
  • 本馆介绍
  • 公告通知
  • 最新文献
  • 馆藏检索
  • 电子资源
  • 读者导购
  • 参考咨询
  • 我的图书馆
  • 登录
  • 详细信息显示
  • 放入我的书架
  • 预约/预借图书
  • 作者相关作品
  • 分类相关作品
  • 丛书相关作品
  • 出版社相关作品

书目信息

  • 表格格式
  • 工作单格式
  • 卡片格式
题名:
一开口就说重点
    
 
作者: 刘平 编著
分册:  
出版信息: 北京   中国纺织出版社  2017
页数: 275页
开本: 24cm
丛书名:
单 册:
中图分类: H0-49
科图分类:
主题词: 表达(语言学)--通俗读物
电子资源:
ISBN: 978-7-5180-3115-3
000 01076nam0 2200229 450
001 199
005 20180519115516.19
010    @a978-7-5180-3115-3@dCNY36.80
100    @a20170905d2017 em y0chiy50 ea
101 0  @achi
102    @aCN@b110000
105    @ay z 000yy
200 1  @a一开口就说重点@9yi kai kou jiu shuo zhong dian@f刘平编著
210    @a北京@c中国纺织出版社@d2017
215    @a275页@d24cm
314    @a刘平,经济学硕士,技术经济学在读博士,先后在知名投资机构和私募基金公司担任投资经理或投资总监职位。
330    @a在日常生活中,有人洋洋洒洒、滔滔不绝地说了大半天,却令人不知所言;有人言简意赅、三言两语,就令人醍醐灌顶。这是为什么?原因就在于后者开口就讲到了重点。本书围绕“开口说重点”的主题,结合生活中常见的提问、商量、初次见面等场景,用生动故事描述和分析给出了许多种行之有效的训练方法。通过一开口就说重点,读者可以快速地在开口时说出关键字眼,快速地提出问题,快速地表达自己的观点,真正做到开口就能说重点。
606 0  @a表达(语言学)@j通俗读物
690    @aH0-49@v5
701  0 @a刘平@9liu ping@4编著
801  0 @aCN@b91MARC@c20170905
905    @aMuseLib@dH0-49@e264
    
    一开口就说重点/刘平编著.-北京:中国纺织出版社,2017
    275页;24cm
    
    
    ISBN 978-7-5180-3115-3:CNY36.80
    在日常生活中,有人洋洋洒洒、滔滔不绝地说了大半天,却令人不知所言;有人言简意赅、三言两语,就令人醍醐灌顶。这是为什么?原因就在于后者开口就讲到了重点。本书围绕“开口说重点”的主题,结合生活中常见的提问、商量、初次见面等场景,用生动故事描述和分析给出了许多种行之有效的训练方法。通过一开口就说重点,读者可以快速地在开口时说出关键字眼,快速地提出问题,快速地表达自己的观点,真正做到开口就能说重点。
●
相关链接 在E读中查询图书 在五车中查询图书 在当当中查询图书 在豆瓣中查询图书


正题名:一开口就说重点     索取号:H0-49/264         预约/预借

序号 登录号 条形码 馆藏地/架位号 状态 备注
1 1079162   210791623   第二样本阅览室/ [索取号:H0-49/264] 在馆    
2 1079163   210791632   第四借阅区/ [索取号:H0-49/264] 在馆    
3 1079164   210791641   第四借阅区/ [索取号:H0-49/264] 在馆    
4 1101126   211011260   第四借阅区/ [索取号:H0-49/264] 在馆    
5 1101127   211011279   教育系资料室/ [索取号:H0-49/264] 在馆    
6 1101128   211011288   教育系资料室/ [索取号:H0-49/264] 在馆    
7 1101129   211011297   教育系资料室/ [索取号:H0-49/264] 在馆    
8 1101130   211011304   第四借阅区/ [索取号:H0-49/264] 在馆    
9 1101131   211011313   第四借阅区/ [索取号:H0-49/264] 在馆    
唐山师范学院图书馆 欢迎您!
大连网信软件有限公司© 版权所有